000 00522nam a22001817a 4500
999 _c183925
_d183925
005 20220107111421.0
010 _aENG-131011
020 _a978-1942426-12-7
_c399.00
035 _aEN-114543
037 _bDBAD
082 _a954.0533
100 _aMaldahiyar, Aabhas
245 _a#Modi Again:
_cAabhas Maldahiyar
_bAn Ex-Communist's Manifesto/
260 _aGurugram
_bGaruda Prakashan Private Limited
_c2019
270 _bGurugram
300 _a191p.
_c22cm(pbk)
942 _2ddc
_cEN
_h954.0533
_mMAL